Géographie de la Normandie - Statistiques

Statistiques générales
  • Ce quiz a été pris 231 fois
  • Le résultat moyen est 26 sur 71
Réponses sur la Carte
Les réponses sont colorées sur une échelle allant du rouge au vert en fonction du pourcentage des utilisateurs qui les ont devinées à leur premier essai. Vous pouvez retrouver ces pourcentages ci-dessous.
 
Statistiques - réponses
Lieu % Correct
Rouen
98%
Le Havre
97%
Caen
96%
Cherbourg-en-Cotentin
91%
Seine
91%
Calvados
86%
Seine-Maritime
85%
Manche
84%
Orne
83%
Orne
83%
Eure
82%
Eure
82%
Dieppe
75%
Alençon
74%
Évreux
73%
Bayeux
72%
Saint-Lô
72%
Granville
62%
Lisieux
59%
Avranches
55%
Fécamp
49%
Vire
49%
Vire Normandie
49%
Coutances
44%
Honfleur
44%
Argentan
41%
Cotentin
40%
Vernon
40%
Falaise
39%
Flers
38%
Carentan
34%
Cap de la {Hague}
32%
Yvetot
31%
Bernay
28%
Elbeuf
25%
Îles {Chausey}
24%
Perche
24%
Suisse Normande
23%
L'Aigle
22%
Louviers
22%
Pont-Audemer
22%
Sée
21%
Pays de {Bray}
20%
Barentin
18%
Mortagne-au-Perche
18%
Sarthe
18%
Gisors
16%
Bolbec
14%
Dives
14%
Pointe de {Barfleur}
14%
La Ferté-Macé
12%
Mézidon Vallée d'Auge
11%
Cap d'{Antifer}
9%
Iton
9%
Risle
9%
Sienne
8%
Touques
8%
Sélune
7%
Avre
6%
Seulles
5%
Epte
4%
Vie
4%
Andelle
3%
Aure
3%
Bresle
3%
Varenne
3%
Charentonne
2%
Douve
2%
Arques/Béthune
1%
Huisne
1%
Soulles
1%
Aucun quiz correspondant
Distribution des résultats
% des personnes avec chaque résultat
Percentile par nombre de réponses
Votre historique - résultats
Vous n’avez pas pris ce quiz